Online
Catalog

Démosle luz verde a la nostalgia / (Record no. 8055)

MARC details
000 -CABECERA
campo de control de longitud fija 00907cam a2200193 a 4500
001 - NÚMERO DE CONTROL
campo de control 000008284
005 - FECHA Y HORA DE LA ÚLTIMA TRANSACCIÓN
campo de control 20200929161325.0
008 - DATOS DE LONGITUD FIJA--INFORMACIÓN GENERAL
campo de control de longitud fija 810521s1978 pr 000 1 spa
020 ## - NÚMERO INTERNACIONAL ESTÁNDAR DEL LIBRO
Número Internacional Estándar del Libro 8439985630
040 ## - FUENTE DE LA CATALOGACIÓN
Centro catalogador/agencia de origen DO-SdBNP
Lengua de catalogación spa
Centro/agencia transcriptor BNPHU
082 ## - NÚMERO DE LA CLASIFICACIÓN DECIMAL DEWEY
Número de clasificación PR863.44
Número de documento/Ítem R175d
100 1# - ENTRADA PRINCIPAL--NOMBRE DE PERSONA
Nombre de persona Ramos, Juan Antonio,
Fechas asociadas al nombre 1948-
9 (RLIN) 22420
245 10 - MENCIÓN DE TÍTULO
Título Démosle luz verde a la nostalgia /
Mención de responsabilidad, etc. Juan Antonio Ramos.
260 ## - PUBLICACIÓN, DISTRIBUCIÓN, ETC.
Lugar de publicación, distribución, etc. Río Piedras, Puerto Rico :
Nombre del editor, distribuidor, etc. Cultural,
Fecha de publicación, distribución, etc. 1978.
300 ## - DESCRIPCIÓN FÍSICA
Extensión 194 p. ;
Dimensiones 21 cm.
505 0# - NOTA DE CONTENIDO CON FORMATO
Nota de contenido con formato El espejo -- Había una vez y dos son tres -- El bautismo de un despojo -- Latidos telefónicos -- La trampa -- Miguelina Lorenzana se despachó sin la bendición -- El eco -- La fuga -- Papo Impala está quitao -- Démosle luz verde a la nostalgia -- Edpidia Figueroa -- Velando a don Boni -- Cuaresma -- Asi son las cosas.
650 #4 - PUNTO DE ACCESO ADICIONAL DE MATERIA--TÉRMINO DE MATERIA
Término de materia o nombre geográfico como elemento de entrada Cuentos puertorriqueños
9 (RLIN) 249
650 #4 - PUNTO DE ACCESO ADICIONAL DE MATERIA--TÉRMINO DE MATERIA
Término de materia o nombre geográfico como elemento de entrada Literatura puertorriqueña
9 (RLIN) 250
Holdings
Estado de retiro Estado de pérdida Restricciones de uso No para préstamo Código de colección Localización permanente Ubicación/localización actual Ubicación en estantería Fecha de adquisición Número de inventario Total de préstamos Signatura topográfica completa Código de barras Fecha visto por última vez Precio válido a partir de Tipo de ítem Koha
    Préstamo interno   Monografías: Libros y Folletos General General En catalogación 15.09.2009 LF1   PR863.44 R175d 8284-10 25.06.2020 25.06.2020 Préstamo interno

Powered by Koha